| 000 | 00760nam a22001457a 4500 | ||
|---|---|---|---|
| 020 | _a0-00-716137-9 | ||
| 082 |
_a823 _bURE/S |
||
| 100 | _aURE JEAN | ||
| 245 | _aSUGAR AND SPICES | ||
| 260 |
_aBRITAIN _bHARPER COLLINS CHILDREN'S BOOKS _c2005 |
||
| 300 | _a217 | ||
| 520 | _aWhen Jack (James Marsden) and Diane (Marley Shelton) find themselves in an unexpected adult situation, the A-Squad comes to their rescue. In order to help their friend Diane, the A-Squad goes where no cheerleader has gone before: taking on a little after-school project known as bank robbery. But the A-Squad does things their way -- with sugar and spice -- forever changing their friendship, their future and the nation's notion of teen spirit. | ||
| 650 | _aSHORT STORY | ||
| 942 | _cBK | ||
| 999 |
_c6325 _d6325 |
||